This tight embrace /
"Luisa de Carvajal y Mendoza was a Spanish noblewoman born in 1566 to wealth and privilege. After a remarkable childhood and youth marred by numerous family deaths and abuse, she rejected her exalted social status to embrace the life of a poor holy woman in the urban centers of Madrid and Valla...
| Cote: | Libro Electrónico |
|---|---|
| Auteur principal: | |
| Autres auteurs: | |
| Format: | Électronique eBook |
| Langue: | Inglés Español |
| Publié: |
Milwaukee Wisc. :
Marquette University Press,
2000.
|
| Collection: | Reformation texts with translation (1350-1650). Women of the Reformation ;
v. 2. |
| Sujets: | |
| Accès en ligne: | Texto completo |
MARC
| LEADER | 00000cam a2200000 i 4500 | ||
|---|---|---|---|
| 001 | EBOOKCENTRAL_ocm70765249 | ||
| 003 | OCoLC | ||
| 005 | 20240329122006.0 | ||
| 006 | m o d | ||
| 007 | cr cn||||||||| | ||
| 008 | 000306s2000 wiu ob 001 0deng d | ||
| 040 | |a INU |b eng |e pn |e rda |c INU |d OCLCG |d CO3 |d OCLCQ |d OCLCE |d OCLCQ |d DKDLA |d ADU |d E7B |d FVL |d OCLCQ |d OCLCO |d OCLCQ |d YDXCP |d EBLCP |d OCLCQ |d AZK |d COCUF |d MOR |d PIFBR |d ZCU |d MERUC |d OCLCQ |d OCLCO |d U3W |d OCLCF |d STF |d WRM |d NRAMU |d ICG |d VT2 |d OCLCQ |d OCLCO |d DKC |d AU@ |d OCLCQ |d OCLCO |d OCL |d OCLCQ |d OCL |d OCLCQ |d BOL |d COO |d OCLCO |d OCLCQ |d OCLCO |d OCLCL | ||
| 019 | |a 488728948 |a 606356845 |a 614704494 |a 646654199 |a 646708313 |a 722114413 |a 727992548 |a 961638166 |a 962648569 |a 975211618 |a 975243689 |a 988537883 |a 992105449 |a 1018077936 |a 1037939478 |a 1038660899 |a 1041921922 |a 1045493840 |a 1055405692 |a 1113356818 |a 1114472209 |a 1415998733 | ||
| 020 | |z 0874627044 |q (pbk. ; |q alk. paper) | ||
| 020 | |z 9780874627046 |q (pbk. ; |q alk. paper) | ||
| 029 | 1 | |a DEBBG |b BV044086940 | |
| 035 | |a (OCoLC)70765249 |z (OCoLC)488728948 |z (OCoLC)606356845 |z (OCoLC)614704494 |z (OCoLC)646654199 |z (OCoLC)646708313 |z (OCoLC)722114413 |z (OCoLC)727992548 |z (OCoLC)961638166 |z (OCoLC)962648569 |z (OCoLC)975211618 |z (OCoLC)975243689 |z (OCoLC)988537883 |z (OCoLC)992105449 |z (OCoLC)1018077936 |z (OCoLC)1037939478 |z (OCoLC)1038660899 |z (OCoLC)1041921922 |z (OCoLC)1045493840 |z (OCoLC)1055405692 |z (OCoLC)1113356818 |z (OCoLC)1114472209 |z (OCoLC)1415998733 | ||
| 041 | 1 | |a eng |a spa |h spa | |
| 042 | |a dlr | ||
| 043 | |a e-uk-en | ||
| 050 | 4 | |a BX4705.C334 |b A25 2000eb | |
| 082 | 0 | 4 | |a 282/.092 |2 21 |
| 082 | 0 | 4 | |a B |2 21 |
| 084 | |a 11.54 |2 bcl | ||
| 049 | |a UAMI | ||
| 100 | 1 | |a Carvajal y Mendoza, Luisa de, |d 1566-1614. |1 https://id.oclc.org/worldcat/entity/E39PBJpV8cgQ7pYbV38qcFFdwC | |
| 240 | 1 | 0 | |a Works. |k Selections. |l English & Spanish. |f 2000 |
| 245 | 1 | 0 | |a This tight embrace / |c Luisa de Carvajal y Mendoza ; edited, translated, and with an introduction by Elizabeth Rhodes. |
| 264 | 1 | |a Milwaukee Wisc. : |b Marquette University Press, |c 2000. | |
| 300 | |a 1 online resource (xiv, 314 pages) | ||
| 336 | |a text |b txt |2 rdacontent | ||
| 337 | |a computer |b c |2 rdamedia | ||
| 338 | |a online resource |b cr |2 rdacarrier | ||
| 340 | |g polychrome. |2 rdacc |0 http://rdaregistry.info/termList/RDAColourContent/1003 | ||
| 347 | |a data file | ||
| 490 | 1 | |a Reformation texts with translation (1350-1650). Women of the Reformation ; |v v. 2 | |
| 504 | |a Includes bibliographical references (pages 301-306) and index. | ||
| 506 | |3 Use copy |f Restrictions unspecified |2 star |5 MiAaHDL | ||
| 533 | |a Electronic reproduction. |b [Place of publication not identified] : |c HathiTrust Digital Library, |d 2010. |5 MiAaHDL | ||
| 538 | |a Master and use copy. Digital master created according to Benchmark for Faithful Digital Reproductions of Monographs and Serials, Version 1. Digital Library Federation, December 2002. |u http://purl.oclc.org/DLF/benchrepro0212 |5 MiAaHDL | ||
| 583 | 1 | |a digitized |c 2010 |h HathiTrust Digital Library |l committed to preserve |2 pda |5 MiAaHDL | |
| 588 | 0 | |a Print version record. | |
| 520 | 1 | |a "Luisa de Carvajal y Mendoza was a Spanish noblewoman born in 1566 to wealth and privilege. After a remarkable childhood and youth marred by numerous family deaths and abuse, she rejected her exalted social status to embrace the life of a poor holy woman in the urban centers of Madrid and Valladolid." "This Tight Embrace includes a complete biographical study of Carvajal, followed by selections from each of the genres of writing she practiced: her spiritual life story, her religious vows, her poetry, the Rule she wrote for her Society of the Sovereign Virgin Mary, and her letters."--Jacket. | |
| 546 | |a Texts in Spanish with parallel English translation, introduction and postscript in English. | ||
| 590 | |a ProQuest Ebook Central |b Ebook Central Academic Complete | ||
| 600 | 1 | 0 | |a Carvajal y Mendoza, Luisa de, |d 1566-1614. |
| 600 | 1 | 0 | |a Carvajal y Mendoza, Luisa de |v Correspondence. |
| 600 | 1 | 7 | |a Carvajal y Mendoza, Luisa de, |d 1566-1614 |2 fast |1 https://id.oclc.org/worldcat/entity/E39PBJpV8cgQ7pYbV38qcFFdwC |
| 650 | 0 | |a Christian poetry, Spanish |v Translations into English. | |
| 650 | 0 | |a Catholics |z England |v Correspondence. | |
| 650 | 0 | |a Spiritual life |x Catholic Church. | |
| 650 | 6 | |a Vie spirituelle |x Église catholique. | |
| 650 | 7 | |a Catholics |2 fast | |
| 650 | 7 | |a Christian poetry, Spanish |2 fast | |
| 650 | 7 | |a Spiritual life |x Catholic Church |2 fast | |
| 651 | 7 | |a England |2 fast |1 https://id.oclc.org/worldcat/entity/E39PBJpYDdYvBpjXV6WpybK68C | |
| 650 | 1 | 7 | |a Contrareformatie. |2 gtt |
| 651 | 7 | |a Engeland. |2 gtt | |
| 655 | 7 | |a personal correspondence. |2 aat | |
| 655 | 7 | |a Personal correspondence |2 fast | |
| 655 | 7 | |a Translations |2 fast | |
| 655 | 7 | |a Personal correspondence. |2 lcgft | |
| 655 | 7 | |a Correspondance privée. |2 rvmgf | |
| 700 | 1 | |a Rhodes, Elizabeth, |d 1955- |1 https://id.oclc.org/worldcat/entity/E39PCjDqHPCWYXkT8WkPgmqqgq | |
| 758 | |i has work: |a This tight embrace (Text) |1 https://id.oclc.org/worldcat/entity/E39PCFDxcXD4KFVkdmd4FwxfYP |4 https://id.oclc.org/worldcat/ontology/hasWork | ||
| 776 | 0 | 8 | |i Print version: |a Carvajal y Mendoza, Luisa de, 1566-1614. |s Selections. English & Spanish. 2000. |t This tight embrace. |d Milwaukee Wisc. : Marquette University Press, 2000 |w (DLC) 00008585 |
| 830 | 0 | |a Reformation texts with translation (1350-1650). |p Women of the Reformation ; |v v. 2. | |
| 856 | 4 | 0 | |u https://ebookcentral.uam.elogim.com/lib/uam-ebooks/detail.action?docID=3017061 |z Texto completo |
| 938 | |a ProQuest Ebook Central |b EBLB |n EBL3017061 | ||
| 938 | |a ebrary |b EBRY |n ebr10015228 | ||
| 938 | |a YBP Library Services |b YANK |n 3187387 | ||
| 994 | |a 92 |b IZTAP | ||


